Ils ont représenté la France à l'Eurovision (Mort subite) - Statistiques

Statistiques générales
  • Ce quiz a été pris 148 fois
  • Le résultat moyen est 9 sur 20
Answers on the Grid
Answers color-coded by a green-red scale on the quiz's grid according to % correct below.
Paule Desjardins
Isabelle Aubret
Alain Barrière
Serge Lama
Marie Myriam
Gérard Lenorman
Joëlle Ursull
Amina
Patrick Fiori
Slimane
Natasha St-Pier
Frida Boccara
Jacqueline Boyer
Les Fatals Picards
Patricia Kaas
Anggun
Twin Twin
Amir
Barbara Pravi
Louane
Nana Mouskouri
Françoise Hardy
France Gall
Hugues Aufray
Julio Iglesias
Séverine
Patrick Juvet
Céline Dion
Lara Fabian
Daft Punk
Nolwenn Leroy
Alizée
Garou
Johnny Hallyday
Serge Gainsbourg
Georges Brassens
Vanessa Paradis
Matthieu Chédid
Jean-Jacques Goldman
Vianney
 
Statistiques - réponses
Réponse % Correct
2024 4ème Slimane
73%
2025 7ème Louane
71%
2016 6ème Amir
68%
2021 2ème Barbara Pravi
63%
2009 8ème Patricia Kaas
60%
1977 1ère Marie Myriam
49%
2001 4ème Natasha St-Pier
49%
2014 26ème (dernier) Twin Twin
49%
2012 22ème Anggun
46%
2007 22ème Les Fatals Picards
46%
1993 4ème Patrick Fiori
46%
1960 1ère Jacqueline Boyer
37%
1962 1ère, 3ème 1968 Isabelle Aubret
36%
1991 2ème Amina
32%
1969 1ère Frida Boccara
32%
1990 2ème Joëlle Ursull
30%
1988 10ème Gérard Lenorman
26%
1957 2ème Paule Desjardins
24%
1971 10ème Serge Lama
22%
1963 5ème Alain Barrière
21%
Aucun quiz correspondant
Distribution des résultats
% des personnes avec chaque résultat
Percentile par nombre de réponses
Votre historique - résultats
Vous n’avez pas pris ce quiz